F1 Austria Grand Prix Turns - Statistics

General Stats
  • This quiz has been taken 27 times
  • The average score is 5 of 10
Answers on the Grid
Answers color-coded by a green-red scale on the quiz's grid according to % correct below.
1 Right
1 Left
2 Right
2 Left
3 Right
3 Left
4 Right
4 Left
5 Right
5 Left
6 Right
6 Left
7 Right
7 Left
8 Right
8 Left
9 Right
9 Left
10 Right
10 Left
 
Answer Stats
Answer % Correct
1 Right
94%
2 Left
59%
3 Right
53%
4 Right
47%
5 Right
41%
10 Right
35%
6 Left
35%
7 Left
35%
8 Right
35%
9 Right
35%
No matching quizzes found
Score Distribution
Percent of People with Each Score
Percentile by Number Answered
Your Score History
You have not taken this quiz